000 00771nam a2200253 a 4500
001 BRCA_4766
005 20190320204808.0
008 081010s1957----mx-a######---#000-0#spa-#
041 _aspa
044 _amx
050 4 _aNK2444
_b.C37 1 1957
100 1 _aCarrillo y Galiel, Abelardo
_d1898-1976
_912045
245 1 0 _aEvolución del mueble en México
_cpor Abelardo Carrillo y Galiel.
260 _aMéxico
_bINAH
_c1957
300 _a166 p.
_bil.
_c23 cm.
440 0 _aDirección de Monumentos Coloniales
_v4
_912046
500 _aEstado físico: Libro deteriorado
500 _aIncluye un anexo con ilustraciones de biombos
500 _aEjemplar igual S68
500 _aCFG38
650 1 4 _aMuebles
_xHistoria
_zMéxico
_93569
902 _aGFM
942 _2lcc
_cB
999 _c4463
_d4463